000 00305nam a22001457a 4500
008 210311b ||||| |||| 00| 0 eng d
020 _a9780328767120
041 _aesp
080 _a510
082 _a510
100 _a36
101 _aMAT
245 _aenVisionMath 2.0
_cCharles,R
942 _2udc
_cBK
999 _c56336
_d56336